[Event "Tourn. n8451"]
[Site "www.chess-mail.com"]
[Date "2015.12.14"]
[Round "1"]
[White "Louis"]
[Black "Naujzaid"]
[WhiteElo "1790"]
[BlackElo "1900"]
[Result "1-0"]
[Round "1"]
1.e4 c5
2.Ng1f3 d6
3.d4 cxd4
4.Nf3xd4 Ng8f6
5.Nb1c3 e6
6.g4 h6
7.h4 Nb8c6
8.Rh1g1 d5
9.exd5 Nf6xd5
10.Nc3xd5 Qd8xd5
11.Bf1g2 Qd5a5
12.Bc1d2 Qa5e5
13.Bd2e3 Bc8d7
14.Qd1d2 Nc6xd4
15.Qd2xd4 Qe5xd4
16.Be3xd4 Bd7c6
17.Bg2xc6 bxc6
18.O-O-O c5
19.Bd4e5 Ra8d8
20.Rd1xd8 Kxd8
21.Rg1d1 Kc8
22.h5 f6
23.Be5d6 e5
24.Bd6xf8 Rh8xf8
25.Rd1d5 Rf8d8
26.Rd5xd8 Kxd8
27.Kd2 Kd7
28.c4 Ke6
29.Kd3 f5
30.gxf5 Kxf5
31.a3 g6
32.hxg6 Kxg6
33.Ke4 Kf6
34.b4 a6
35.bxc5 Ke6
36.c6 h5
37.c7 Kd7
38.c8N Kxc8
39.Kxe5 { resign }
1-0

[Event "Tourn. n8518"]
[Site "www.chess-mail.com"]
[Date "2015.12.14"]
[Round "1"]
[White "Caspito"]
[Black "Mitja"]
[WhiteElo "1800"]
[BlackElo "1900"]
[Result "0-1"]
[Round "1"]
1.d4 d5
2.Nb1c3 e6
3.e4 dxe4
4.Nc3xe4 c6
5.Ng1f3 h6
6.Nf3e5 Ng8f6
7.Bf1d3 Nb8d7
8.Bc1f4 Nf6xe4
9.Bd3xe4 Nd7xe5
10.dxe5 Qd8b6
11.b3 Bf8c5
12.Bf4g3 Qb6a5
13.Ke2 O-O
14.Rh1e1 Rf8d8
15.Be4d3 Qa5c7
16.Kf1 b6
17.Qd1f3 Bc8b7
18.Qf3e4 g6
19.Bg3h4 Rd8d4
20.Qe4f3 Rd4xh4
21.h3 Rh4d4
22.Qf3f6 Bc5e7
23.Qf6f3 c5
24.Qf3g3 Kg7
25.Re1e3 Be7g5
26.Re3e2 Ra8d8
27.h4 Bg5xh4
28.Qg3h2 Bh4g5
29.g3 Bb7f3
30.Re2e1 Bg5d2
{ resign }
0-1

[Event "Tourn. n8485"]
[Site "www.chess-mail.com"]
[Date "2015.12.14"]
[Round "1"]
[White "Masteratches"]
[Black "Wwgia"]
[WhiteElo "2260"]
[BlackElo "2230"]
[Result "1-0"]
[Round "1"]
1.d4 c5
2.d5 e5
3.c4 d6
4.e4 g6
5.Nb1c3 Bf8g7
6.Bf1e2 Ng8e7
7.f4 Nb8d7
8.Ng1f3 exf4
9.Bc1xf4 Nd7e5
10.Nf3xe5 dxe5
11.Bf4e3 O-O
12.Be3xc5 f5
13.O-O b6
14.Bc5f2 Bc8d7
15.b4 Ra8c8
16.c5 bxc5
17.bxc5 Qd8a5
18.Qd1b3 Kh8
19.Qb3c4 f4
20.Ra1b1 { resign }
1-0

[Event "Tourn. n8485"]
[Site "www.chess-mail.com"]
[Date "2015.12.14"]
[Round "1"]
[White "Tartan"]
[Black "Gimmyg"]
[WhiteElo "2400"]
[BlackElo "2440"]
[Result "1/2-1/2"]
[Round "1"]
1.e4 Nb8c6
2.d4 d5
3.e5 Bc8f5
4.c3 e6
5.Nb1d2 f6
6.f4 Ng8h6
7.Nd2f3 Bf8e7
8.Ng1e2 O-O
9.Ne2g3 Bf5g6
10.Bf1e2 fxe5
11.fxe5 Nh6f5
12.Ng3xf5 Bg6xf5
13.O-O Qd8d7
14.Bc1e3 Rf8f7
15.Nf3g5 Rf7f8
16.Be2d3 Bf5xd3
17.Qd1xd3 Be7xg5
18.Be3xg5 { draw }
1/2-1/2

[Event "Tourn. n8473"]
[Site "www.chess-mail.com"]
[Date "2015.12.14"]
[Round "1"]
[White "Goosebumps"]
[Black "Ffdd65"]
[WhiteElo "2110"]
[BlackElo "2180"]
[Result "1/2-1/2"]
[Round "1"]
1.e4 e5
2.f4 Nb8c6
3.Ng1f3 d6
4.Bf1c4 Bf8e7
5.O-O Be7f6
6.Nb1c3 Ng8e7
7.d3 Bc8d7
8.fxe5 Nc6xe5
9.Bc4b3 Bd7e6
10.Nf3xe5 Be6xb3
11.Ne5f3 Bb3e6
12.d4 Ne7g6
13.Bc1e3 d5
14.e5 Bf6e7
15.Qd1d3 Qd8d7
16.Nc3e2 f5
17.Nf3g5 Be7xg5
18.Be3xg5 h6
19.Bg5d2 Ng6e7
20.b3 g6
21.c4 c6
22.Ra1c1 { draw }
1/2-1/2

[Event "Tourn. n8467"]
[Site "www.chess-mail.com"]
[Date "2015.12.14"]
[Round "1"]
[White "Dulap"]
[Black "Chesspower"]
[WhiteElo "1680"]
[BlackElo "1600"]
[Result "0-1"]
[Round "1"]
1.e4 e6
2.Ng1f3 d5
3.exd5 exd5
4.d4 Ng8f6
5.Nb1c3 Bf8b4
6.Bc1d2 O-O
7.Bf1e2 c6
8.O-O Rf8e8
9.Rf1e1 Bc8g4
10.h3 Bg4xf3
11.Be2xf3 Nb8d7
12.a3 Bb4d6
13.Bd2g5 Qd8c7
14.Qd1d2 h6
15.Bg5e3 Nd7f8
16.b4 Nf8g6
17.Ra1d1 Bd6f4
18.a4 Bf4xe3
19.Re1xe3 Re8xe3
20.fxe3 Ra8e8
21.Nc3e2 Nf6e4
22.Bf3xe4 Re8xe4
23.Rd1e1 Qc7d7
24.Ne2g3 Re4e7
25.Qd2f2 Re7e6
26.Kf1 Re6f6
{ resign }
0-1

[Event "Tourn. n8519"]
[Site "www.chess-mail.com"]
[Date "2015.12.14"]
[Round "1"]
[White "Badshahc"]
[Black "Louis"]
[WhiteElo "1649"]
[BlackElo "1850"]
[Result "1-0"]
[Round "1"]
1.e4 e6
2.d4 d5
3.e5 c5
4.c3 cxd4
5.cxd4 Nb8c6
6.Ng1f3 Ng8e7
7.Bf1d3 Ne7f5
8.Bd3xf5 exf5
9.O-O Bc8e6
10.Nb1c3 Bf8e7
11.Qd1b3 Qd8d7
12.Nc3e2 Nc6a5
13.Qb3c3 Qd7b5
14.Bc1g5 Be7b4
15.a4 Qb5b6
16.Qc3d3 O-O
17.Bg5d2 Qb6xd4
18.Ne2xd4 { resign }
1-0

[Event "Match"]
[Site "www.echecsemail.com"]
[Date "2015.12.14"]
[Round "1"]
[White "Acucar1"]
[Black "Chtoubidou"]
[WhiteElo "1760"]
[BlackElo "1900"]
[Result "1-0"]
[Round "1"]
1.e4 Ng8f6
2.e5 Nf6d5
3.d4 d6
4.Ng1f3 Bc8f5
5.Bf1d3 Bf5xd3
6.Qd1xd3 Nb8c6
7.O-O g6
8.exd6 Qd8xd6
9.c4 Nd5f6
10.Nb1c3 Bf8g7
11.Nc3b5 Qd6d8
12.Bc1f4 O-O
13.Bf4xc7 Qd8d7
14.Bc7f4 Rf8d8
15.Ra1d1 a6
16.Nb5c3 Nf6h5
17.Bf4e3 e5
18.d5 Nc6b4
19.Qd3d2 Ra8c8
20.a3 { resign }
1-0

[Event "Match"]
[Site "www.echecsemail.com"]
[Date "2015.12.14"]
[Round "1"]
[White "Goosebumps"]
[Black "Ditto"]
[WhiteElo "2060"]
[BlackElo "1840"]
[Result "1-0"]
[Round "1"]
1.e4 e5
2.Nb1c3 Nb8c6
3.Bf1c4 Ng8f6
4.f4 exf4
5.Ng1f3 Bf8c5
6.d4 Bc5b4
7.O-O O-O
8.Qd1e2 a6
9.Bc1xf4 d6
10.Ra1d1 Bc8g4
11.e5 dxe5
12.dxe5 Nf6d7
13.e6 fxe6
14.Bc4xe6 Bg4xe6
15.Qe2xe6 Rf8f7
16.Nf3g5 Qd8f8
17.Ng5xf7 Qf8xf7
18.Qe6xd7 Qf7f6
19.Qd7xc7 Bb4c5
20.Kh1 b6
21.Bf4d6 Qf6g6
22.Qc7xc6 Bc5e3
23.Qc6xa8 { resign }
1-0

[Event "Match"]
[Site "www.echecsemail.com"]
[Date "2015.12.14"]
[Round "1"]
[White "Irene"]
[Black "Gambitmiau"]
[WhiteElo "2000"]
[BlackElo "1870"]
[Result "1-0"]
[Round "1"]
1.d4 d5
2.Nb1c3 Nb8c6
3.g3 e5
4.dxe5 d4
5.Nc3b5 Bf8b4
6.Bc1d2 a6
7.Bd2xb4 Nc6xb4
8.Nb5xd4 c5
9.Nd4b3 Bc8f5
10.Ra1c1 Qd8c7
11.e3 Qc7xe5
12.c3 Qe5e4
13.Nb3xc5 Ra8d8
14.Qd1a4 b5
15.Qa4xb4 Qe4xh1
16.Nc5xa6 Ng8e7
17.Qb4xb5 Bf5d7
18.Na6c7 Kf8
19.Rc1d1 Ne7c6
20.f3 Qh1xg1
21.Rd1d3 Nc6d4
22.Qb5c5 Kg8
23.Qc5xd4 h5
24.Qd4e4 g6
25.Rd3xd7 Rd8xd7
26.Qe4e8 Kh7
27.Qe8xd7 Qg1xe3
28.Bf1e2 Kg7
29.Qd7d4 Qe3xd4
30.cxd4 Rh8d8
31.Nc7b5 Kf8
32.Be2c4 Ke7
33.d5 Kd7
34.d6 f5
35.f4 Rd8e8
36.Kd2 Re8g8
37.a4 Rg8g7
38.a5 g5
39.a6 Kc6
40.a7 Rg7g8
41.Nb5c7 gxf4
42.Bc4b5 Kb7
43.a8Q Rg8xa8
44.Nc7xa8 Kc8
45.Na8c7 f3
46.Nc7e6 f2
47.d7 { resign }
1-0

[Event "Match"]
[Site "www.echecsemail.com"]
[Date "2015.12.14"]
[Round "1"]
[White "Drdoom"]
[Black "Lino"]
[WhiteElo "1790"]
[BlackElo "1799"]
[Result "0-1"]
[Round "1"]
1.e4 c5
2.d4 cxd4
3.Qd1xd4 Nb8c6
4.Qd4d1 Ng8f6
5.Bf1d3 d5
6.Nb1c3 d4
7.Nc3e2 e5
8.a3 Bf8d6
9.h3 O-O
10.Ng1f3 h6
11.O-O Bc8e6
12.Bc1d2 Nf6d7
13.c3 Nd7c5
14.Qd1c2 Ra8c8
15.b4 Nc5xd3
16.Qc2xd3 Nc6xb4
17.cxb4 Be6c4
18.Qd3b1 Bc4xe2
19.Rf1e1 Be2xf3
20.gxf3 Qd8h4
21.Kg2 Rf8e8
22.Qb1d3 Re8e6
23.Re1f1 Bd6e7
24.Kh2 Be7g5
25.Bd2xg5 hxg5
26.Ra1a2 Re6h6
{ resign }
0-1

[Event "Match"]
[Site "www.echecsemail.com"]
[Date "2015.12.14"]
[Round "1"]
[White "Farnation"]
[Black "Tomcapp"]
[WhiteElo "1300"]
[BlackElo "1590"]
[Result "0-1"]
[Round "1"]
1.Ng1f3 Nb8c6
2.e4 e5
3.Nb1c3 Bf8b4
4.Bf1c4 Ng8f6
5.O-O Bb4xc3
6.dxc3 d6
7.Nf3g5 d5
8.exd5 Nc6e7
9.d6 cxd6
10.Ng5xf7 Qd8b6
11.Nf7xh8 Bc8g4
12.Qd1d2 Nf6e4
13.Qd2d3 Ne4f6
14.Bc4f7 Kd7
15.h3 Ra8xh8
16.Bc1e3 Qb6xb2
17.Rf1b1 Qb2a3
 { time }
0-1

[Event "Match"]
[Site "www.echecsemail.com"]
[Date "2015.12.14"]
[Round "1"]
[White "Juodivarnai"]
[Black "Chapi"]
[WhiteElo "2200"]
[BlackElo "2030"]
[Result "1-0"]
[Round "1"]
1.e4 c5
2.Ng1f3 Nb8c6
3.Bf1b5 g6
4.O-O Bf8g7
5.Rf1e1 Ng8f6
6.e5 Nf6g4
7.Bb5xc6 bxc6
8.h3 Ng4h6
9.c3 O-O
10.d4 cxd4
11.cxd4 Nh6f5
12.Nb1c3 Qd8c7
13.Bc1f4 Ra8b8
14.Qd1d2 d6
15.Ra1d1 Bc8a6
16.g4 Qc7d7
17.gxf5 Qd7xf5
18.Kg2 Ba6c8
19.Nf3g1 d5
20.Rd1b1 f6
21.exf6 Rb8b4
22.fxg7 Rf8f7
23.Bf4e5 Bc8e6
24.Re1f1 g5
25.Nc3xd5 Be6xd5
26.f3 Rb4c4
27.Qd2a5 Qf5d7
28.Rb1c1 Rc4xc1
29.Rf1xc1 h5
30.Qa5d2 Qd7f5
31.Rc1f1 c5
32.Qd2a5 Rf7xg7
33.Be5xg7 Kxg7
34.Qa5xc5 g4
35.Qc5xe7 Kg6
36.Qe7d6 Kg7
37.Qd6e5 Qf5xe5
38.dxe5 Kf7
39.Kg3 Ke6
40.f4 gxh3
41.Ng1xh3 Kf5
42.a3 Bd5e6
43.Rf1c1 a6
44.Rc1c6 a5
45.Rc6a6 { resign }
1-0

[Event "Match"]
[Site "www.echecsemail.com"]
[Date "2015.12.14"]
[Round "1"]
[White "Chapi"]
[Black "Tonino1"]
[WhiteElo "2040"]
[BlackElo "1990"]
[Result "0-1"]
[Round "1"]
1.d4 Ng8f6
2.c4 g6
3.Nb1c3 Bf8g7
4.Ng1f3 O-O
5.Bc1f4 d6
6.e3 Nf6h5
7.Bf4g5 f6
8.Bg5h4 Bg7h8
9.Qd1b3 c6
10.Nc3e4 g5
11.Nf3xg5 fxg5
12.Bh4xg5 Qd8a5
13.Kd1 Bc8f5
14.Bf1d3 Bf5xe4
15.Bg5xe7 Rf8xf2
16.Bd3e2 b6
17.Rh1f1 Rf2xf1
18.Be2xf1 Qa5f5
19.Kd2 Qf5f2
20.Kc3 Qf2xe3
21.Kb4 c5
22.Kb5 Be4c6
{ resign }
0-1

[Event "Match"]
[Site "www.echecsemail.com"]
[Date "2015.12.14"]
[Round "1"]
[White "Rindrandria"]
[Black "Ranjachess"]
[WhiteElo "1560"]
[BlackElo "1730"]
[Result "0-1"]
[Round "1"]
1.e4 e5
2.Bf1c4 Ng8f6
3.h4 Nf6xe4
4.d3 Ne4f6
5.Bc1g5 Bf8e7
6.Bc4xf7 Kxf7
7.Qd1f3 h6
8.Bg5xf6 gxf6
9.Nb1d2 d5
10.Qf3h5 Kf8
11.g4 Qd8e8
12.Qh5xe8 Kxe8
13.f3 d4
14.O-O-O c5
15.Ng1h3 Nb8c6
16.Rh1e1 f5
17.Nh3f2 Be7xh4
18.Re1e2 Rh8f8
19.Rd1h1 Bh4g5
20.gxf5 Rf8xf5
21.Nf2g4 h5
22.Ng4f2 h4
23.Kb1 Rf5f6
24.Nf2g4 Bg5xd2
25.Ng4xf6 Kf7
26.Nf6e4 Bd2f4
27.Ne4xc5 h3
28.Nc5e4 h2
29.Ne4f2 Bc8f5
30.Nf2g4 Bf5xg4
31.fxg4 Nc6e7
32.Re2f2 Ra8g8
33.Rh1xh2 Rg8xg4
34.b3 Ke6
35.Rh2h7 Rg4g1
36.Kb2 Bf4c1
{ resign }
0-1

[Event "Match"]
[Site "www.echecsemail.com"]
[Date "2015.12.14"]
[Round "1"]
[White "Pellix84"]
[Black "Ztornad"]
[WhiteElo "1960"]
[BlackElo "1740"]
[Result "1-0"]
[Round "1"]
1.d4 d5
2.Nb1c3 e6
3.e4 dxe4
4.Nc3xe4 Ng8f6
5.Bc1g5 Bf8e7
6.Qd1f3 h6
7.Ne4xf6 gxf6
8.Bg5f4 Be7b4
9.c3 Bb4d6
10.Bf4xd6 cxd6
11.Bf1b5 Bc8d7
12.Qf3xb7 Bd7xb5
13.Qb7xa8 a6
14.Qa8f3 Bb5c6
15.Qf3g3 Rh8f8
16.Ng1f3 Bc6e4
17.Nf3d2 Be4b7
18.O-O f5
19.f3 Qd8b6
20.Nd2c4 Qb6c6
21.Nc4xd6 Ke7
22.Nd6xb7 Qc6xb7
23.Rf1f2 Nb8d7
24.Qg3h4 Nd7f6
25.Qh4xh6 Qb7b8
26.Ra1e1 Rf8h8
27.Qh6g5 Qb8xh2
28.Kf1 Rh8h5
29.Qg5d2 Nf6d5
30.Ke2 a5
31.Kd1 Qh2g3
32.Qd2c2 Rh5h1
33.Rf2e2 Rh1h4
34.Qc2xf5 Qg3d6
35.Qf5g5 Kd7
36.Qg5xh4 Qd6c6
37.Qh4h5 Qc6a4
38.Kc1 Qa4xa2
39.Qh5xf7 Nd5e7
40.Qf7xe6 Qa2xe6
41.Re2xe6 Ne7f5
42.Re1e5 Nf5d6
43.Re6h6 Nd6c4
44.Re5g5 Nc4d6
45.Rg5xa5 Kc6
46.d5 Kb6
47.Rh6xd6 Kxa5
48.Rd6d8 Ka4
49.d6 Kb5
50.Rd8c8 Kb6
51.d7 Kb7
{ time. }
1-0

[Event "Match"]
[Site "www.echecsemail.com"]
[Date "2015.12.14"]
[Round "1"]
[White "Caspito"]
[Black "Farnation"]
[WhiteElo "1780"]
[BlackElo "1300"]
[Result "1-0"]
[Round "1"]
1.e4 Nb8c6
2.d4 Ng8f6
3.e5 Nf6e4
4.d5 Nc6xe5
5.Qd1d4 Ne5f3
6.Ng1xf3 f5
7.Bf1d3 d6
8.Bd3xe4 fxe4
9.Qd4xe4 g6
10.Nf3g5 Bf8g7
11.O-O Bc8f5
12.Qe4a4 c6
13.Ng5e6 Qd8c8
14.Ne6xg7 Kf8
15.Bc1h6 cxd5
16.Ng7xf5 Kf7
17.Qa4d4 Qc8xf5
18.Qd4g7 Ke6
19.Rf1e1 Kd7
20.Re1xe7 Kc6
21.Qg7c3 Kb6
22.Bh6e3  { time }
1-0

[Event "Match"]
[Site "www.echecsemail.com"]
[Date "2015.12.14"]
[Round "1"]
[White "Goosebumps"]
[Black "Pinehill"]
[WhiteElo "2180"]
[BlackElo "2110"]
[Result "1-0"]
[Round "1"]
1.e4 d5
2.exd5 Ng8f6
3.c4 e6
4.dxe6 Bc8xe6
5.d4 Bf8b4
6.Bc1d2 Qd8e7
7.Qd1a4 c6
8.Qa4xb4 { resign }
1-0

[Event "1/32 Finale"]
[Site "www.chess-mail.com"]
[Date "2015.12.14"]
[Round "1"]
[White "Vega"]
[Black "Relaxmax"]
[WhiteElo "2580"]
[BlackElo "2050"]
[Result "1-0"]
[Round "1"]
1.e4 c6
2.Ng1f3 d5
3.Nb1c3 dxe4
4.Nc3xe4 Nb8d7
5.d4 Ng8f6
6.Ne4xf6 Nd7xf6
7.c3 Bc8g4
8.h3 Bg4xf3
9.Qd1xf3 e6
10.a4 Bf8e7
11.a5  { time }
1-0

[Event "Fast Game"]
[Site "www.echecsemail.com"]
[Date "2015.12.14"]
[Round "1"]
[White "Yangqi"]
[Black "Tonino1"]
[WhiteElo "2020"]
[BlackElo "1900"]
[Result "1-0"]
[Round "1"]
1.e4 c5
2.d4 cxd4
3.c3 dxc3
4.Nb1xc3 Nb8c6
5.Ng1f3 e6
6.Bf1c4 Ng8e7
7.Bc1g5 Nc6a5
8.Bc4e2 f6
9.Bg5e3 b6
10.O-O Bc8b7
11.Nc3b5 d5
12.Nf3d4 Kf7
13.Be2g4 Bb7c8
14.Ra1c1 e5
15.Rc1xc8 Ne7xc8
16.Nd4e6 Qd8e7
17.Qd1xd5 Qe7c5
18.Ne6xc5 { resign }
1-0

[Event "Tourn. n8495"]
[Site "www.chess-mail.com"]
[Date "2015.12.15"]
[Round "1"]
[White "Genius7"]
[Black "Luban"]
[WhiteElo "2000"]
[BlackElo "2030"]
[Result "1-0"]
[Round "1"]
1.d4 d5
2.c4 e6
3.cxd5 Qd8xd5
4.Nb1c3 Qd5d8
5.Ng1f3 Ng8f6
6.Bc1g5 Bf8e7
7.e3 a6
8.Bf1e2 O-O
9.O-O Nb8d7
10.Qd1c2 c5
11.Rf1d1 cxd4
12.Nf3xd4 Nd7e5
13.Nd4xe6 { resign }
1-0

[Event "Tourn. n8497"]
[Site "www.chess-mail.com"]
[Date "2015.12.15"]
[Round "1"]
[White "Odin"]
[Black "Neo"]
[WhiteElo "1820"]
[BlackElo "1890"]
[Result "1-0"]
[Round "1"]
1.d4 d5
2.c4 e6
3.e3 b6
4.cxd5 Qd8xd5
5.Nb1c3 Qd5d8
6.Ng1f3 Bc8b7
7.Bf1d3 g6
8.e4 Bf8g7
9.e5 Ng8e7
10.Bc1g5 O-O
11.O-O Qd8d7
12.Bd3e2 Ne7f5
13.Be2b5 c6
14.Bb5a4 Bb7a6
15.Rf1e1 Ba6c4
16.b3 Bc4d5
17.Nc3xd5 exd5
18.Ra1c1 b5
19.e6 fxe6
20.Nf3e5 Bg7xe5
21.dxe5 bxa4
22.b4 a3
23.Bg5f6 Qd7b7
24.Qd1g4 Qb7a6
25.Rc1c5 Nb8d7
26.Rc5a5 Qa6d3
27.Re1d1 Qd3c3
28.h4 Nd7xf6
29.exf6 Rf8xf6
30.Qg4f4 Rf6f7
31.Qf4d2 Qc3c4
32.Ra5c5 Qc4a6
33.Rc5a5 Qa6c4
34.Ra5c5 Qc4xh4
35.Rc5xc6 Ra8e8
36.Qd2e2 Rf7f6
37.Rd1xd5 Nf5e7
38.Rc6xe6 Rf6xe6
39.Qe2xe6 Kf8
40.Rd5b5 Re8d8
41.Qe6e1 Rd8e8
42.Qe1c3 Ne7g8
43.Qc3c5 Ng8e7
44.Qc5xa7 Re8d8
45.Rb5b8 Ne7c8
46.Qa7c5 Kg7
47.Qc5e5 Kh6
48.Qe5e3 Kg7
49.Rb8b7 Kg8
50.Qe3e6 Kh8
51.Qe6e5 Kg8
52.Qe5g7 
1-0

[Event "Tourn. n8447"]
[Site "www.chess-mail.com"]
[Date "2015.12.15"]
[Round "1"]
[White "Francesco"]
[Black "Cardiff"]
[WhiteElo "1920"]
[BlackElo "1810"]
[Result "1-0"]
[Round "1"]
1.e4 e6
2.d4 d5
3.exd5 exd5
4.Bf1d3 Ng8f6
5.Bc1g5 Bf8d6
6.Ng1f3 O-O
7.O-O c6
8.Nb1d2 Bc8g4
9.h3 Bg4xf3
10.Qd1xf3 Nb8d7
11.Rf1e1 Rf8e8
12.Qf3f5 h6
13.Bg5h4 Qd8c7
14.a3 g5
15.Bh4xg5 hxg5
16.Qf5xg5 Kf8
17.Qg5h6 Kg8
18.g4 Bd6f8
19.Qh6g5 Bf8g7
20.h4 Nf6h7
21.Qg5h5 Nh7f6
22.Qh5f5 c5
23.g5 Nf6e4
24.Nd2xe4 dxe4
25.Bd3xe4 cxd4
26.Qf5h7 Kf8
27.h5 Qc7e5
28.h6 Qe5xg5
29.Kf1 Qg5xh6
30.Qh7f5 Nd7f6
31.Qf5c5 Kg8
32.Be4xb7 Ra8b8
33.Re1xe8 Rb8xe8
34.Qc5xa7 Qh6h2
35.Qa7xd4 Nf6g4
36.Qd4xg4 { resign }
1-0

[Event "Tourn. n8438"]
[Site "www.chess-mail.com"]
[Date "2015.12.15"]
[Round "1"]
[White "Naujzaid"]
[Black "Cardiff"]
[WhiteElo "1900"]
[BlackElo "1800"]
[Result "1/2-1/2"]
[Round "1"]
1.d4 Ng8f6
2.c4 e6
3.Nb1c3 Bf8b4
4.Qd1c2 O-O
5.a3 Bb4xc3
6.Qc2xc3 Nf6e4
7.Qc3c2 d5
8.Ng1f3 b6
9.cxd5 exd5
10.Bc1f4 c5
11.e3 Nb8d7
12.Bf1d3 Bc8b7
13.O-O Nd7f6
14.h3 c4
15.Bd3xe4 Nf6xe4
16.Ra1b1 b5
17.b3 Bb7a6
18.a4 cxb3
19.Qc2xb3 bxa4
20.Qb3xa4 Ba6xf1
21.Rb1xf1 Rf8e8
22.Rf1a1 h6
{ draw }
1/2-1/2

[Event "Tourn. n8451"]
[Site "www.chess-mail.com"]
[Date "2015.12.15"]
[Round "1"]
[White "Naujzaid"]
[Black "Dulap"]
[WhiteElo "1900"]
[BlackElo "1639"]
[Result "1/2-1/2"]
[Round "1"]
1.d4 Ng8f6
2.c4 e6
3.Nb1c3 Bf8b4
4.Qd1c2 O-O
5.a3 Bb4xc3
6.Qc2xc3 d5
7.Bc1g5 dxc4
8.Qc3xc4 Nb8c6
9.e3 h6
10.Bg5h4 Rf8e8
11.Ng1f3 Qd8d5
12.Bh4xf6 gxf6
13.Qc4xd5 exd5
14.Bf1b5 Bc8d7
15.O-O a6
16.Bb5d3 Bd7g4
17.Nf3d2 Bg4h5
18.Nd2b3 Bh5g6
19.Bd3e2 a5
20.Nb3c5 Nc6xd4
21.exd4 Re8xe2
22.b3 b6
23.Nc5d7 Kg7
24.Ra1c1 Bg6f5
25.Rc1xc7 Re2e7
26.Nd7xb6 Re7xc7
27.Nb6xa8 Rc7c3
28.b4 Rc3xa3
29.bxa5 Ra3xa5
30.Na8c7 Bf5e6
31.h3 Ra5a4
32.Rf1d1 f5
33.Kh2 f4
34.Nc7b5 Ra4b4
35.Nb5c3 Rb4b3
36.Rd1d3 Kg6
37.Rd3f3 Kg5
38.g3 fxg3
39.fxg3 h5
40.Kg2 h4
41.g4 Rb3b2
42.Rf3f2 Rb2xf2
43.Kxf2 Kf4
44.Nc3e2 Ke4
45.Ne2g1 Kxd4
46.Ng1f3 Ke4
47.Nf3xh4 d4
48.Nh4f3 d3
49.Nf3g5 Kf4
50.Ng5f3 Be6d5
51.Nf3d2 Bd5e6
52.Nd2f3 Be6d5
53.Nf3d2 Bd5e6
54.Nd2f3 { draw }
1/2-1/2

[Event "Tourn. n8411"]
[Site "www.chess-mail.com"]
[Date "2015.12.15"]
[Round "1"]
[White "Falcoale"]
[Black "Derfel83"]
[WhiteElo "1890"]
[BlackElo "1980"]
[Result "0-1"]
[Round "1"]
1.e4 e6
2.Ng1f3 b6
3.d4 Bc8b7
4.Nb1c3 d5
5.exd5 exd5
6.Bf1b5 c6
7.Bb5e2 Ng8f6
8.O-O Bf8d6
9.Bc1g5 O-O
10.Rf1e1 Nb8d7
11.Be2d3 h6
12.Bg5h4 Qd8c7
13.Nc3e2 Nf6e4
14.Ne2g3 Ne4xg3
15.Bh4xg3 Bd6xg3
16.hxg3 c5
17.Re1e7 Ra8e8
18.Re7xe8 Rf8xe8
19.c3 c4
20.Bd3c2 b5
21.a4 Bb7c6
22.a5 Qc7b8
23.Bc2b1 Nd7f6
24.Nf3e5 Bc6a8
25.Qd1c2 Nf6e4
26.f3 f6
27.fxe4 fxe5
28.exd5 e4
29.b3 Ba8xd5
30.Bb1a2 Qb8xg3
31.bxc4 bxc4
32.Ra1f1 e3
33.Qc2f5 Qg3xg2

0-1

[Event "Tourn. n8453"]
[Site "www.chess-mail.com"]
[Date "2015.12.15"]
[Round "1"]
[White "Cardiff"]
[Black "Amaya"]
[WhiteElo "1840"]
[BlackElo "2050"]
[Result "0-1"]
[Round "1"]
1.c4 Ng8f6
2.Nb1c3 g6
3.b3 Bf8g7
4.d4 d6
5.Bc1b2 O-O
6.Ng1f3 Nb8d7
7.e3 e5
8.Bf1e2 e4
9.Nf3d2 Rf8e8
10.O-O c6
11.Qd1c2 d5
12.c5 Nd7f8
13.b4 Bc8g4
14.Be2xg4 Nf6xg4
15.h3 Ng4h6
16.a4 Nf8e6
17.b5 Ne6g5
18.bxc6 bxc6
19.Bb2a3 Ra8b8
20.Ra1b1 Qd8d7
21.Rb1xb8 Re8xb8
22.Rf1b1 Rb8xb1
23.Qc2xb1 Ng5xh3
24.gxh3 Qd7xh3
25.Qb1f1 Qh3g4
26.Qf1g2 Qg4f5
27.Qg2g3 Bg7f6
28.Nd2b3 Qf5e6
29.Ba3b4 Nh6f5
30.Qg3g4 Qe6c8
31.Nc3e2 Qc8b8
32.Nb3a5 Qb8xb4
33.Na5xc6 Qb4e1
34.Kg2 Nf5h4
35.Kg3 Qe1g1
36.Kh3 Qg1xf2
37.Ne2f4 Qf2xe3
38.Qg4g3 Qe3xg3
39.Kxg3 Nh4f5
{ resign }
0-1

[Event "Tourn. n8524"]
[Site "www.chess-mail.com"]
[Date "2015.12.15"]
[Round "1"]
[White "Yangqi"]
[Black "Faerieking"]
[WhiteElo "2610"]
[BlackElo "2270"]
[Result "1-0"]
[Round "1"]
1.c4 Ng8f6
2.g3 c6
3.Bf1g2 e5
4.d4 Bf8b4
5.Bc1d2 Bb4xd2
6.Qd1xd2 exd4
7.Qd2xd4 d5
8.Ng1f3 O-O
9.cxd5 cxd5
10.Nb1c3 Bc8e6
11.O-O Nb8c6
12.Qd4d3 Qd8b6
13.Rf1d1 Rf8d8
14.Qd3b5 Qb6xb5
15.Nc3xb5 Ra8c8
16.Ra1c1 a6
17.Nb5d4 h6
18.Nd4xc6 bxc6
19.b4 Rd8d6
20.Nf3e5 Nf6d7
21.Ne5c4 { resign }
1-0

[Event "Match"]
[Site "www.echecsemail.com"]
[Date "2015.12.15"]
[Round "1"]
[White "Bojan"]
[Black "Ssharp"]
[WhiteElo "2010"]
[BlackElo "2230"]
[Result "0-1"]
[Round "1"]
1.d4 d5
2.Nb1d2 e6
3.a3 c5
4.Ng1f3 cxd4
5.Nf3xd4 Bf8c5
6.Nd2b3 Bc5b6
7.Qd1d3 Ng8f6
8.Bc1f4 O-O
9.Nd4b5 a6
10.Nb5d6 Nb8d7
11.Bf4g5 Bb6xf2
12.Kd2 Nd7e5
13.Bg5xf6 gxf6
14.Nd6xf7 Rf8xf7
15.Qd3c3 Rf7c7
16.Qc3a5 Ne5c4
{ resign }
0-1

[Event "Match"]
[Site "www.echecsemail.com"]
[Date "2015.12.15"]
[Round "1"]
[White "Schwiizer"]
[Black "Nimzo"]
[WhiteElo "2770"]
[BlackElo "2800"]
[Result "1/2-1/2"]
[Round "1"]
1.e4 e6
2.d4 d5
3.Nb1c3 Ng8f6
4.Bc1g5 dxe4
5.Nc3xe4 Bf8e7
6.Ne4xf6 Be7xf6
7.Bg5xf6 Qd8xf6
8.Ng1f3 O-O
9.c3 b6
10.Bf1d3 Bc8b7
11.Qd1c2 Bb7xf3
12.gxf3 Qf6h4
13.Bd3e4 c6
14.Qc2e2 Rf8c8
15.Be4c2 Nb8d7
16.Qe2e4 Qh4h5
17.O-O-O Nd7f6
18.Qe4f4 Nf6d5
19.Qf4g3 Qh5h6
20.Kb1 Rc8d8
21.h4 b5
22.Qg3e5 a5
23.Rh1g1 Qh6f6
24.f4 g6
25.Rg1g4 Qf6xe5
26.fxe5 h5
27.Rg4g3 Ra8c8
28.a3 Kg7
{ draw }
1/2-1/2

[Event "Match"]
[Site "www.echecsemail.com"]
[Date "2015.12.15"]
[Round "1"]
[White "Farnation"]
[Black "Mrmoto"]
[WhiteElo "1250"]
[BlackElo "1550"]
[Result "0-1"]
[Round "1"]
1.Ng1f3 Ng8f6
2.Nb1c3 d5
3.Nf3e5 a6
4.d4 e6
5.Bc1g5 Nb8d7
6.e3 c5
7.dxc5 Bf8xc5
8.Bf1d3 Nd7xe5
9.O-O Ne5xd3
10.Qd1xd3 Qd8b6
11.Nc3a4 Qb6b4
12.b3 Bc5e7
13.c3 Qb4d6
14.Qd3d4 a5
15.Na4b6 Qd6c5
16.Nb6xa8 Qc5xd4
17.exd4 O-O
18.Na8b6 h6
19.Bg5xf6 Be7xf6
20.Nb6xc8 Rf8xc8
21.f4 Rc8xc3
22.b4 axb4
23.Ra1b1 Bf6e7
24.g4 Rc3d3
25.h4 Rd3g3
26.Kh2 Rg3xg4
27.Rb1c1 Rg4xh4
28.Kg2 Rh4g4
 { time }
0-1

[Event "Match"]
[Site "www.echecsemail.com"]
[Date "2015.12.15"]
[Round "1"]
[White "Gatrooper"]
[Black "Jjmcbride"]
[WhiteElo "1620"]
[BlackElo "1740"]
[Result "0-1"]
[Round "1"]
1.e4 e5
2.a3 d5
3.exd5 Qd8xd5
4.Nb1c3 Qd5d8
5.d3 g5
6.h3 e4
7.Nc3xe4 h6
8.Ng1f3 f5
9.Ne4g3 Nb8c6
10.Ng3e2 Bc8e6
11.Bc1d2 Bf8g7
12.c3 Qd8xd3
13.Ne2c1 Qd3e4
14.Bf1e2 g4
15.hxg4 fxg4
16.Nf3d4 Bg7xd4
17.cxd4 Nc6xd4
18.Bd2c3 O-O-O
19.Bc3xd4 Rd8xd4
20.Qd1c2 Qe4xc2
21.O-O Qc2xb2
22.Nc1d3 Qb2xe2
23.Rf1e1 Qe2xd3
24.Ra1d1 Qd3xd1
25.Re1xd1 Rd4xd1
26.Kh2 h5
27.Kg3 h4
28.Kf4 Rd1d4
29.Ke5 Rd4d6
30.a4 Rh8h5
31.Kf4 Rd6d4
32.Ke3 c5
33.Ke2 Rh5e5
34.Kf1 Rd4d1
{ resign }
0-1

[Event "Match"]
[Site "www.echecsemail.com"]
[Date "2015.12.15"]
[Round "1"]
[White "Pare123"]
[Black "Acucar1"]
[WhiteElo "1930"]
[BlackElo "1770"]
[Result "0-1"]
[Round "1"]
1.c4 e5
2.Nb1c3 Ng8f6
3.e4 Nb8c6
4.Ng1f3 Bf8c5
5.h3 d6
6.Nc3a4 Nf6xe4
7.Na4xc5 Ne4xc5
8.a3 O-O
9.b4 e4
10.bxc5 exf3
11.Qd1xf3 Nc6d4
12.Qf3d3 Rf8e8
13.Kd1 dxc5
14.Bc1b2 Bc8f5
15.Qd3g3 Bf5c2
{ resign }
0-1

[Event "Match"]
[Site "www.echecsemail.com"]
[Date "2015.12.15"]
[Round "1"]
[White "Darknight"]
[Black "Caspito"]
[WhiteElo "1640"]
[BlackElo "1770"]
[Result "1/2-1/2"]
[Round "1"]
1.e4 e5
2.Bf1c4 h6
3.d3 Bf8c5
4.h3 Qd8f6
5.Ng1f3 d6
6.c3 Nb8c6
7.a3 Bc8e6
8.a4 Be6xc4
9.dxc4 Ng8e7
10.b4 Bc5xf2
11.Kxf2 O-O
12.g4 Ne7g6
13.g5 hxg5
14.Bc1xg5 Qf6e6
15.Nf3d2 f6
16.Bg5e3 Kf7
17.Qd1f3 Ng6h4
18.Qf3h5 Nh4g6
19.Rh1g1 Nc6e7
20.Rg1g3 Rf8h8
21.Qh5f3 Rh8h4
22.Ke2 b6
23.Nb1a3 c6
24.Ra1g1 Ra8h8
25.Rg1h1 Rh8h7
26.b5 c5
27.Be3g5 Ng6f4
28.Ke3 fxg5
29.Rg3xg5 Rh4xh3
30.Rh1xh3 Rh7xh3
31.Rg5g3 Rh3xg3
32.Qf3xg3 Ne7g6
33.Nd2f3 Nf4h5
34.Nf3g5 Ke7
35.Qg3f3 Qe6f6
36.Qf3xh5 Qf6f4
37.Kd3 Qf4g3
38.Kc2 Qg3f2
39.Kb3 Qf2e1
40.Qh5g4 Ng6f4
41.Qg4f3 Qe1g1
42.Ng5h3 Nf4xh3
43.Qf3xh3 Kd8
44.Kb2 g5
45.Qh3h8 Ke7
46.Qh8g7 Ke8
47.Qg7xa7 g4
48.Qa7b8 Ke7
49.Qb8c7 Ke6
50.Na3c2 g3
51.Qc7c8 Kf7
52.Qc8d7 Kg8
53.Qd7xd6 g2
54.Qd6g6 Kf8
55.Qg6f6 Kg8
56.Qf6g5 Kf7
57.Qg5f5 Kg8
58.Qf5g6 Kf8
{ draw }
1/2-1/2